[Event "Temuco de la Frontera"]
[Site "Temuco"]
[Date "2022.01.09"]
[Round "7"]
[White "Martinez Pina, Diego Alexander"]
[Black "Navarrete Sandoval, Francisco Javier"]
[Result "0-1"]
[WhiteElo "1590"]
[BlackElo "2111"]
[PlyCount "98"]
[EventDate "2022.01.07"]
[EventType "tourn"]
[EventRounds "9"]
[EventCountry "CHI"]
[SourceTitle "CBM 206 Extra"]
[Source "ChessBase"]
[SourceDate "2022.03.31"]
[SourceVersion "1"]
[SourceVersionDate "2022.03.31"]
[SourceQuality "1"]

1. e4 c5 2. Nf3 Nf6 3. Nc3 d5 4. exd5 Nxd5 5. g3 Nc6 6. Bg2 g6 7. 0-0 Bg7 8. Qe1 Ndb4 9. Qd1 Nd4 10. Nxd4 cxd4 11. Nb5 0-0 12. d3 Be6 13. a4 Bd5 14. Bh3 Bc6 15. Bd2 Nd5 16. Re1 Nb6 17. a5 Qd5 18. f3 Qxb5 19. axb6 axb6 20. Rxa8 Rxa8 21. Rxe7 Qxb2 22. Bc1 Qc3 23. Kf2 Ra2 24. Re2 Ra1 25. Qd2 Qxd2 26. Bxd2 Bf6 27. Bh6 Ra5 28. Bg4 Be5 29. Bc8 Rc5 30. Bxb7 Ba4 31. f4 Bd6 32. g4 Rxc2 33. Rxc2 Bxc2 34. Ba6 Bd1 35. h3 Bb3 36. Bb5 f6 37. f5 g5 38. Be8 Bd5 39. Bb5 Bf8 40. Bxf8 Kxf8 41. Kg3 Ke7 42. h4 h6 43. hxg5 hxg5 44. Kf2 Kd6 45. Kg3 Kc5 46. Bd7 b5 47. Kf2 b4 48. Ke2 b3 49. Kd2 Bf3 0-1

[Event "Temuco de la Frontera"]
[Site "Temuco"]
[Date "2022.01.09"]
[Round "9"]
[White "Martinez Pina, Diego Alexander"]
[Black "Pena Cifuentes, Tomas Alberto"]
[Result "0-1"]
[WhiteElo "1590"]
[BlackElo "2044"]
[PlyCount "34"]
[EventDate "2022.01.07"]
[EventType "tourn"]
[EventRounds "9"]
[EventCountry "CHI"]
[SourceTitle "CBM 206 Extra"]
[Source "ChessBase"]
[SourceDate "2022.03.31"]
[SourceVersion "1"]
[SourceVersionDate "2022.03.31"]
[SourceQuality "1"]

1. d4 Nf6 2. c4 e6 3. Nf3 d5 4. cxd5 exd5 5. Bg5 c6 6. e3 Be7 7. Bd3 h6 8. Bh4 0-0 9. Qc2 Nbd7 10. Nc3 Re8 11. 0-0 Ne4 12. Nxe4 dxe4 13. Bxe7 Qxe7 14. Bc4 exf3 15. gxf3 Nb6 16. Bb3 Bh3 17. Qg6 Bxf1 0-1

[Event "Temuco de la Frontera"]
[Site "Temuco"]
[Date "2022.01.07"]
[Round "3"]
[White "Martinez Pina, Diego Alexander"]
[Black "Miranda Gatica, Claudio Adolfo"]
[Result "1/2-1/2"]
[WhiteElo "1590"]
[BlackElo "1590"]
[PlyCount "76"]
[EventDate "2022.01.07"]
[EventType "tourn"]
[EventRounds "9"]
[EventCountry "CHI"]
[SourceTitle "CBM 206 Extra"]
[Source "ChessBase"]
[SourceDate "2022.03.31"]
[SourceVersion "1"]
[SourceVersionDate "2022.03.31"]
[SourceQuality "1"]

1. d4 Nf6 2. c4 c5 3. d5 b5 4. cxb5 a6 5. b6 d6 6. Nc3 g6 7. e4 Bg7 8. h3 Qxb6 9. Nf3 Nbd7 10. Rb1 Nh5 11. Be3 Rb8 12. Nd2 Ne5 13. Be2 Nf6 14. f4 Ned7 15. Nc4 Qb4 16. a3 Qb3 17. Qd2 Nh5 18. Kf2 0-0 19. Na5 Bxc3 20. bxc3 Qxb1 21. Rxb1 Rxb1 22. Bxh5 gxh5 23. Nc6 Nf6 24. Qc2 Rb7 25. c4 h4 26. Qe2 Nxe4+ 27. Kf3 Ng3 28. Qc2 Bf5 29. Qc3 h5 30. Bf2 Ne4 31. Qe3 Nxf2 32. Kxf2 e6 33. Qc3 exd5 34. Qf6 Be4 35. Qg5+ Kh8 36. Qh6+ Kg8 37. Qg5+ Kh8 38. Qh6+ Kg8 1/2-1/2